Statistiken für Hauptstädte der Welt (mit Karte)

Klicken Sie hier um das Quiz zu spielen!

Allgemein

  • Dieses Quiz wurde 158 mal gespielt
  • Das Durchschnittsergebnis liegt bei 98 aus 196

Antworten auf der Karte

Die Antworten werden auf der Karte rot bzw. grün angezeigt, abhängig davon wie oft sie richtig erraten wurden.
 

Antwortstatistiken

Land% Korrekt
BerlinDeutschland
89%
KopenhagenDänemark
86%
MoskauRussland
86%
AnkaraTürkei
83%
BrüsselBelgien
83%
ParisFrankreich
82%
PekingChina
82%
DublinIrland
81%
LondonVereinigtes Königreich
81%
TokioJapan
81%
Washington D. C.Vereinigte Staaten
81%
RomItalien
80%
BrasíliaBrasilien
79%
HelsinkiFinnland
79%
AmsterdamNiederlande
77%
AthenGriechenland
77%
KiewUkraine
77%
MadridSpanien
77%
Neu-DelhiIndien
77%
OsloNorwegen
77%
SeoulSüdkorea
77%
SofiaBulgarien
77%
StockholmSchweden
77%
WarschauPolen
77%
WienÖsterreich
77%
BernSchweiz
76%
LissabonPortugal
76%
Mexiko-StadtMexiko
76%
MinskBelarus
76%
LuxemburgLuxemburg
75%
PragTschechien
75%
BukarestRumänien
74%
CanberraAustralien
74%
KairoÄgypten
74%
OttawaKanada
74%
RigaLettland
74%
SarajevoBosnien und Herzegowina
71%
BudapestUngarn
70%
ReykjavíkIsland
70%
ZagrebKroatien
70%
TallinnEstland
69%
TiranaAlbanien
69%
JerusalemIsrael
68%
TunisTunesien
68%
BelgradSerbien
67%
Buenos AiresArgentinien
67%
KapstadtSüdafrika
67%
Abu DhabiVereinigte Arabische
Emirate
65%
AlgierAlgerien
65%
VatikanstadtVatikanstadt
65%
WellingtonNeuseeland
65%
Andorra la VellaAndorra
64%
BangkokThailand
64%
JakartaIndonesien
64%
Panama-StadtPanama
64%
San MarinoSan Marino
64%
TeheranIran
64%
KabulAfghanistan
63%
LimaPeru
63%
MonacoMonaco
63%
Santiago de ChileChile
63%
VaduzLiechtenstein
63%
VallettaMalta
63%
VilniusLitauen
63%
BagdadIrak
62%
HavannaKuba
62%
LjubljanaSlowenien
62%
PjöngjangNordkorea
62%
RiadSaudi-Arabien
62%
SingapurSingapur
61%
HanoiVietnam
58%
MontevideoUruguay
58%
NikosiaZypern
58%
UlaanbaatarMongolei
58%
BratislavaSlowakei
57%
CaracasVenezuela
57%
DamaskusSyrien
57%
IslamabadPakistan
57%
ManilaPhilippinen
57%
PristinaKosovo
57%
SkopjeNordmazedonien
57%
BogotáKolumbien
56%
ChișinăuMoldawien
56%
MaléMalediven
56%
QuitoEcuador
56%
Kuala LumpurMalaysia
55%
RabatMarokko
55%
NairobiKenia
54%
PodgoricaMontenegro
54%
TiflisGeorgien
54%
BakuAserbaidschan
52%
BeirutLibanon
52%
DohaKatar
52%
KuwaitKuwait
52%
Guatemala-StadtGuatemala
51%
KingstonJamaika
51%
KingstownSt. Vincent und die
Grenadinen
51%
TaipehTaiwan
51%
Addis AbebaÄthiopien
50%
Port-au-PrinceHaiti
50%
San SalvadorEl Salvador
50%
SucreBolivien
50%
SanaaJemen
49%
AntananarivoMadagaskar
48%
AsunciónParaguay
48%
DhakaBangladesch
48%
AmmanJordanien
46%
AstanaKasachstan
46%
JerewanArmenien
46%
KinshasaDemokratische
Republik Kongo
| Demokratische Republik Kongo
46%
DakarSenegal
45%
KathmanduNepal
45%
NassauBahamas
45%
TripolisLibyen
45%
Phnom PenhKambodscha
44%
Santo DomingoDominikanische
Republik
44%
TaschkentUsbekistan
44%
DschibutiDschibuti
43%
AccraGhana
42%
AşgabatTurkmenistan
42%
GeorgetownGuyana
42%
MogadischuSomalia
42%
Port MoresbyPapua-Neuguinea
42%
San JoséCosta Rica
42%
MaskatOman
40%
São ToméSão Tomé und
Príncipe
40%
DiliOsttimor
39%
FreetownSierra Leone
39%
KhartumSudan
39%
AbujaNigeria
38%
LuandaAngola
38%
ManamaBahrain
38%
KampalaUganda
37%
Port of SpainTrinidad und Tobago
37%
BelmopanBelize
36%
BischkekKirgisistan
36%
BissauGuinea-Bissau
36%
JubaSüdsudan
36%
OuagadougouBurkina Faso
36%
VictoriaSeychellen
36%
WindhoekNamibia
36%
LoméTogo
35%
ManaguaNicaragua
35%
TegucigalpaHonduras
33%
VientianeLaos
33%
AsmaraEritrea
31%
LibrevilleGabun
31%
ParamariboSuriname
31%
SuvaFidschi
31%
BridgetownBarbados
30%
HarareSimbabwe
30%
KigaliRuanda
30%
LilongweMalawi
30%
NiameyNiger
30%
ThimphuBhutan
30%
YaoundéKamerun
30%
DodomaTansania
29%
GaboroneBotswana
29%
MonroviaLiberia
29%
NouakchottMauretanien
29%
PraiaKap Verde
29%
BamakoMali
27%
MaputoMosambik
27%
YamoussoukroElfenbeinküste
27%
Bandar Seri BegawanBrunei
26%
ConakryGuinea
26%
LusakaSambia
26%
Porto NovoBenin
26%
Port VilaVanuatu
26%
BanjulGambia
25%
FunafutiTuvalu
25%
MbabaneEswatini
25%
MoroniKomoren
25%
NaypyidawMyanmar
25%
YarenNauru
25%
ApiaSamoa
24%
BanguiZentralafrikanische
Republik
24%
CastriesSt. Lucia
24%
Port LouisMauritius
24%
BasseterreSt. Kitts und Nevis
23%
GitegaBurundi
23%
MalaboÄquatorial-Guinea
23%
South TarawaKiribati
23%
N'DjamenaTschad
20%
MaseruLesotho
19%
St. John’sAntigua und Barbuda
19%
HoniaraSalomonen
18%
NukuʻalofaTonga
18%
RoseauDominica
18%
DushanbeTadschikistan
17%
Sri Jayewardenepura KotteSri Lanka
17%
PalikirFöderierte Staaten
von Mikronesien
15%
St. George’sGrenada
14%
NgerulmudPalau
8%
MajuruMarshallinseln
4%

Verteilung der Resultate

Perzentil nach korrekt beantworteten Fragen

Anzahl Personen mit jedem Resultat

Ihre Resultats-Entwicklung

Sie haben dieses Quiz noch nicht gespielt